[Event "Syre Memorial op 28th"]
[Site "Issy les Moulineaux"]
[Date "2005.05.06"]
[Round "3"]
[White "Vanderpooten, Daniel"]
[Black "Toulzac, Pierre Yves"]
[Result "1-0"]
[WhiteElo "1988"]
[BlackElo "2284"]
[PlyCount "63"]
[EventDate "2005.05.05"]
[EventType "swiss"]
[EventRounds "6"]
[EventCountry "FRA"]
[SourceTitle "EXT 2007"]
[Source "ChessBase"]
[SourceDate "2006.11.23"]
[SourceVersion "1"]
[SourceVersionDate "2006.11.23"]
[SourceQuality "1"]

1. Nf3 f5 2. c4 Nf6 3. g3 g6 4. b4 Bg7 5. Bb2 0-0 6. Bg2 d6 7. 0-0 e5 8. d3 Kh8 9. Nbd2 Nc6 10. b5 Ne7 11. c5 h6 12. Rc1 g5 13. cxd6 cxd6 14. Nc4 Ng6 15. e3 Rf7 16. Rc2 f4 17. exf4 gxf4 18. h3 fxg3 19. fxg3 Be6 20. Kh2 Qd7 21. Rcf2 Raf8 22. Qe2 Rg8 23. a4 a6 24. Qe3 axb5 25. axb5 Nh5 26. Ng5 Rxf2 27. Rxf2 Nf8 28. Qf3 Nf6 29. Nxe6 Nxe6 30. Qxb7 Qd8 31. Qc6 Ne8 32. Bd5 1-0